00413nam a22001577a 450000500170000000800410001704000210005804100080007908200130008710000270010024500450012725000120017226000370018430000100022165000240023120230823165903.0230823b ||||| |||| 00| 0 eng d aIN-DiNCcIN-DiNC dasm a613bAHM aAhmed, Rafiqueeauthor aSwasthya aru susthata/cby Rofique Ahmed a1st ed. aJorhat:bUnika prakashan,c2023. a136p. aHealth and wellness